000 00806nam a22002657a 4500
003 CHAP
005 20220329135023.0
008 971013s1980 r 00010 d
010 _a29674
011 _a30646
035 _a34758
040 _cCHAP
090 _aFolleto 6304
100 0 0 _aCook, J. R.
_927697
245 _aRegister of australian agricultural consultants, 1980
260 _aMelbourne :
_bAustralian Institute of Agricultural Science,
_c(1980)
300 _a61 p.
_b: ilus.
590 _aBATCH-UPD
_b10
_c20130110
_lUCH01
_h2116
590 _aCONVERSION
_b10
_c20130109
_lUCH01
_h1317
650 1 4 _aAgricultura
_xDirectorios
_xAustralia.
_91397
700 0 _aKantzow, Dennis R. de.
_962697
901 _aBK
942 _cFOLL
949 _aFolleto 6304
_bBC
_cFOLL
_d-80319
_eTS1
_i34758
_mD
_si
999 _c29674
_d29674